Информация и периодическая система элементарных частиц (Запись № 1254140)

Подробности
000 -МАРКЕР
контрольное поле 01745nam0a2200349 4500
001 - ИДЕНТИФИКАТОР ЗАПИСИ
контрольное поле RU\NLR\bibl\1126749
005 - ИДЕНТИФИКАТОР ВЕРСИИ
контрольное поле 20260408184606.0
010 ## - МЕЖДУНАРОДНЫЙ СТАНДАРТНЫЙ НОМЕР КНИГИ (ISBN)
Номер (ISBN) 5-94688-004-3
Тираж 300
035 ## - ДРУГИЕ СИСТЕМНЫЕ НОМЕРА
Идентификатор записи (NLR Aleph) 001113686
100 ## - ДАННЫЕ ОБЩЕЙ ОБРАБОТКИ
Данные общей обработки 20070911d2007 u y0rusy50 ca
101 0# - ЯЗЫК РЕСУРСА
Язык текста, звукозаписи и т.д. русский
Язык резюме английский
102 ## - СТРАНА ПУБЛИКАЦИИ ИЛИ ПРОИЗВОДСТВА
Страна публикации Российская Федерация
105 ## - ПОЛЕ КОДИРОВАННЫХ ДАННЫХ: ТЕКСТОВЫЕ МАТЕРИАЛЫ, МОНОГРАФИЧЕСКИЕ
Кодированные данные о монографическом текстовом документе a |||||||||
200 1# - ЗАГЛАВИЕ И СВЕДЕНИЯ ОБ ОТВЕТСТВЕННОСТИ
Основное заглавие Информация и периодическая система элементарных частиц
Первые сведения об ответственности А.А. Назаров
Последующие сведения об ответственности Федер. гос. унитар. предприятие "НИИ "Новатор" с опыт. заводом" [и др.]
210 ## - ПУБЛИКАЦИЯ, РАСПРОСТРАНЕНИЕ И ДР.
Место издания, распространения и т.д. Мирный
-- Плесецк
Имя издателя, распространителя и т. д. ГУП "Плесецкая типография"
Дата издания, распространения и т.д. 2007
215 ## - ФИЗИЧЕСКАЯ ХАРАКТЕРИСТИКА
Специфическое обозначение материала и объем 122 с.
Другие сведения о физической характеристике ил.
Размеры 22
300 ## - ОБЩИЕ ПРИМЕЧАНИЯ
Текст примечания В надзаг. также: Науч.-произв. коммерч. фирма "ВИКОМ", Эксперим. науч.-опытно-произв. предприятие "ЭККОЛА"
300 ## - ОБЩИЕ ПРИМЕЧАНИЯ
Текст примечания Рез. на англ. яз.
300 ## - ОБЩИЕ ПРИМЕЧАНИЯ
Текст примечания 300-летию со дня рождения М.В. Ломоносова посвящ.
316 ## - ПРИМЕЧАНИЯ ОБ ОСОБЕННОСТЯХ ЭКЗЕМПЛЯРА
Текст примечания С автогр. авт.
Организация и экземпляр, к которому относится поле NLR
316 ## - ПРИМЕЧАНИЯ ОБ ОСОБЕННОСТЯХ ЭКЗЕМПЛЯРА
Текст примечания автограф
Организация и экземпляр, к которому относится поле NLR:2007-5/7224
320 ## - ПРИМЕЧАНИЯ О НАЛИЧИИ В ДОКУМЕНТЕ БИБЛИОГРАФИИ / УКАЗАТЕЛЯ
Текст примечания Библиогр. в подстроч. примеч.
606 1# - НАИМЕНОВАНИЕ ТЕМЫ КАК ПРЕДМЕТ
Наименование темы Дополнительности принцип
Системный номер авторитетной/нормативной записи 1006302
Идентификатор авторитетной/нормативной записи RU\NLR\auth\66382444
606 ## - НАИМЕНОВАНИЕ ТЕМЫ КАК ПРЕДМЕТ
Наименование темы Пространство (физ.)
Идентификатор авторитетной/нормативной записи RU\NLR\auth\661139312
Системный номер авторитетной/нормативной записи 1869046
686 ## - ИНДЕКСЫ ДРУГИХ КЛАССИФИКАЦИЙ
Индекс В31
700 #1 - ИМЯ ЛИЦА - ПЕРВИЧНАЯ ОТВЕТСТВЕННОСТЬ
Код отношения Автор
Материалы, к которым относится поле rus
Графика поля Кириллица
Начальный элемент ввода Назаров
Часть имени, кроме начального элемента ввода А. А.
Даты 1948-
Дополнения к именам, кроме дат математик
Расширение инициалов личного имени Александр Александрович
Идентификатор авторитетной/нормативной записи RU\NLR\auth\7756281
Системный номер авторитетной/нормативной записи 39213
801 #0 - ИСТОЧНИК ЗАПИСИ
Страна Российская Федерация
Организация NLR
Дата составления 20070911
Правила каталогизации RCR
801 #1 - ИСТОЧНИК ЗАПИСИ
Страна Российская Федерация
Организация NLR
Дата составления 20070911
942 ## - ДОПОЛНИТЕЛЬНЫЕ ЭЛЕМЕНТЫ ЗАПИСИ (АБИС)
Тип экземпляра АБИС Книга
980 ## - КОЛЛЕКЦИЯ
Название коллекции Национальная библиография
Экземпляры
Тип экземпляра Дата поступления Источник поступления Стоимость Библиотека постоянного хранения Библиотека текущего хранения Место хранения Шифр хранения Штрих-код Статус экземпляра
Книга 11.09.2007 Дар 100.00 РНБ (Московский) РНБ (Московский) Русский книжный фонд: издания с 1957 года 2007-5/7224 2503453  
Книга 06.03.2009 Дар   РНБ (Московский) РНБ (Московский) Русский книжный фонд: издания с 1957 года 2007-5/7224 2865766